000
00245nam a2200097Ia 4500
008
120527s9999 xx 000 0 und d
100
_a
OLAJIRE,Abass
245
_a
Introductory to Physical Chemistry.
260
_b
OGFAT Pubvlication.
942
_c
BK
999
_c
23502
_d
23502